[Event "Pinneberg op Seniors 14th"]
[Site "Pinneberg"]
[Date "2013.08.01"]
[Round "7"]
[White "Falk, Rolf"]
[Black "Warneke, Perygrin"]
[Result "1-0"]
[WhiteElo "1228"]
[BlackElo "1304"]
[PlyCount "82"]
[EventDate "2013.06.20"]
[EventType "swiss"]
[EventRounds "7"]
[EventCountry "GER"]
[SourceTitle "EXT 2017"]
[Source "ChessBase"]
[SourceDate "2016.10.25"]
[SourceVersion "1"]
[SourceVersionDate "2016.10.25"]
[SourceQuality "1"]

1. d4 Nf6 2. e3 g6 3. b3 Bg7 4. Bb2 b6 5. Nd2 d6 6. Rb1 0-0 7. Bd3 c5 8. Ngf3 Bb7 9. 0-0 Nbd7 10. Qe2 Re8 11. e4 e5 12. d5 Nh5 13. g3 Nf8 14. Nh4 Bc8 15. Ng2 Bh3 16. f3 Qc8 17. Rf2 Bd7 18. Bc1 f5 19. Nc4 Qc7 20. exf5 Bxf5 21. Bxf5 gxf5 22. Nh4 f4 23. Nf5 fxg3 24. hxg3 Qd7 25. Ncxd6 Rab8 26. Rg2 Bf6 27. Nh6+ Kg7 28. Ndf5+ Kh8 29. Rh2 Ng7 30. Nxg7 Qxg7 31. Nf5 Ng6 32. Nxg7 Kxg7 33. Qe4 Rh8 34. Bh6+ Kf7 35. Qf5 Ne7 36. Qe6+ Kg6 37. Bg5 Rbf8 38. Rh6+ Kg7 39. Rxf6 Ng6 40. Qd7+ Kg8 41. Rxf8+ Kxf8 1-0

[Event "Pinneberg op Seniors 14th"]
[Site "Pinneberg"]
[Date "2013.07.05"]
[Round "3"]
[White "Hotze, Kurt"]
[Black "Falk, Rolf"]
[Result "1-0"]
[WhiteElo "1601"]
[BlackElo "1228"]
[PlyCount "83"]
[EventDate "2013.06.20"]
[EventType "swiss"]
[EventRounds "7"]
[EventCountry "GER"]
[SourceTitle "EXT 2017"]
[Source "ChessBase"]
[SourceDate "2016.10.25"]
[SourceVersion "1"]
[SourceVersionDate "2016.10.25"]
[SourceQuality "1"]

1. d4 d5 2. e3 e6 3. Bd3 Nf6 4. f4 c5 5. c3 c4 6. Bc2 Be7 7. Nf3 Bd7 8. 0-0 Nc6 9. Ne5 Nxe5 10. fxe5 Ne4 11. Nd2 Bc6 12. Qf3 0-0 13. Qg4 f6 14. Qxe6+ Kh8 15. Nxe4 dxe4 16. exf6 Bxf6 17. Qxc4 Bd5 18. Qe2 Qc7 19. Bb3 Qd7 20. Bd2 b5 21. c4 bxc4 22. Bxc4 Bxc4 23. Qxc4 Rac8 24. Qb3 Rfe8 25. Rac1 Rb8 26. Qc2 Rbc8 27. Bc3 Qd5 28. Qa4 Qb7 29. Bb4 a6 30. Rxc8 Qxc8 31. Bc3 h6 32. d5 Bxc3 33. bxc3 Rd8 34. Qd4 Rf8 35. Rxf8+ Qxf8 36. Qxe4 Qa3 37. Qc2 Qc5 38. Qd2 Qd6 39. c4 Qc5 40. d6 Qb6 41. h3 Qb1+ 42. Kh2 1-0

[Event "Pinneberg op Seniors 14th"]
[Site "Pinneberg"]
[Date "2013.06.20"]
[Round "1"]
[White "Berking, Bernhard"]
[Black "Falk, Rolf"]
[Result "1/2-1/2"]
[WhiteElo "1543"]
[BlackElo "1228"]
[PlyCount "122"]
[EventDate "2013.06.20"]
[EventType "swiss"]
[EventRounds "7"]
[EventCountry "GER"]
[SourceTitle "EXT 2017"]
[Source "ChessBase"]
[SourceDate "2016.10.25"]
[SourceVersion "1"]
[SourceVersionDate "2016.10.25"]
[SourceQuality "1"]

1. e4 c5 2. d4 e6 3. Nf3 b6 4. d5 d6 5. Bb5+ Bd7 6. Qe2 Be7 7. 0-0 Nf6 8. dxe6 fxe6 9. e5 Bxb5 10. Qxb5+ Nfd7 11. exd6 Bf6 12. Re1 0-0 13. Rxe6 Re8 14. Qc4 Rxe6 15. Qxe6+ Kh8 16. Bg5 Nc6 17. Bxf6 Nxf6 18. Ng5 Qd7 19. Qxd7 Nxd7 20. Nc3 Re8 21. Kf1 h6 22. Nf3 Nb4 23. Rc1 a6 24. a3 Nc6 25. Re1 Rxe1+ 26. Kxe1 Kg8 27. Ke2 Kf7 28. Kd3 Ke6 29. Ne4 Nf6 30. Nxf6 Kxf6 31. Ke4 Ke6 32. d7 Kxd7 33. Ne5+ Kd6 34. Nxc6 Kxc6 35. Kf5 a5 36. Kg6 c4 37. Kxg7 Kb5 38. f4 Ka4 39. f5 c3 40. b3+ Kxa3 41. f6 Kb2 42. f7 Kxc2 43. f8Q Kb2 44. Qf2+ c2 45. Qf6+ Kb1 46. Qf5 Kb2 47. Qf2 Kb1 48. Qxb6 c1Q 49. Qxa5 Qb2+ 50. Kxh6 Qxg2 51. Qf5+ Kb2 52. Qg5 Qc6+ 53. Kh7 Qc2+ 54. Kg7 Qxh2 55. b4 Qc7+ 56. Kg6 Kb3 57. Qc5 Qg3+ 58. Kf5 Qd3+ 59. Ke5 Qg3+ 60. Kd5 Qf3+ 61. Ke6 Qg4+ 1/2-1/2